000 00708nam a22002057a 4500
999 _c11141
_d11141
003 AR-CdUCM
008 190403b ||||| |||| 00| 0 spa d
040 _aMUNICIPALIDAD PROVINCIAL DEL CUSCO
_cBIBLIOTECA MUNICIPAL DEL CUSCO
082 _a868.43 /
_bR21 / 1967
100 _aRamos Gil, Carlos
_928333
245 _aEcos antiguos, estructuras nuevas y mundo primario de la lírica de Lorca /
260 _aArgentina :
_bBahía Blanca,
_c1967.
300 _a77 páginas ;
_c23.5 cm.
505 _aEco de la canción antigua -- Los nuevos Odres -- Visión primaria del mundo...
650 _aLírica-
_95909
650 _aEcos.
_928334
650 _aLorca.
_928335
942 _2ddc
_cLIBROS
945 _awfj